| 000 | 00651nam a2200205 i 4500 | ||
|---|---|---|---|
| 001 | 44763 | ||
| 003 | ES-MaACL | ||
| 005 | 20230906161105.0 | ||
| 007 | t| | ||
| 008 | 030324s1977 sp ||||1| spa d | ||
| 100 | 1 |
_aCline, Martin J. _939268 |
|
| 245 | 1 | 0 |
_aQuimioterapia del cáncer / _cMartin J. Cline, Charles M. Haskell ; [traducción Juan R. Zaragoza, Luis Errazquin]. |
| 250 | _a[1ª ed.]. | ||
| 260 |
_aMadrid : _bAC, _c[1977] |
||
| 300 |
_aIX, 363 p. : _bil. ; _c21 cm. |
||
| 700 | 1 |
_aHaskell, Charles M. _962035 |
|
| 700 | 1 |
_aZaragoza, Juan Ramón. _9118038 |
|
| 700 | 1 |
_aErrazquin, Luis. _947428 |
|
| 852 |
_aES-MaACL _jC-15429 _bR.100087 |
||
| 999 |
_c44763 _d44763 |
||